000 00880nam a2200253Ia 4500
999 _c53765
_d53765
001 20814
003 GE_BSU
005 20221110135125.0
008 181216s2015||||enk|||||||||||||| ||eng||
020 _a9781137545305x
040 _cGE_BSU
041 _aeng
080 _a32 G-36
245 _aGendering the European Union :
_bNew Approaches to Old Democratic Deficits /
_cEdited by : Gabriele Abels and Joyce Marie Mushaben.
264 _aLondon :
_bpalgrave macmillan,
_c2015.
300 _a279 p. ;
_c22 cm.
500 _abibl. : p.248-275; Index. : p.277-279
541 _h88Gel.
653 _aპოლიტიკა
653 _aევროკავშირის გენდერირება
700 _aAbels, Gabriele
_eრედაქტორი
_911321
700 _aMushaben, Joyce Marie
_eრედაქტორი
_911322
942 _cBK
_2udc